000 003840000a22001450004500
041 0 _aENG
082 0 4 _aG 243 O751f
100 1 _aOrr, J. Edwin (James) (1912-)
245 1 0 _aFull surrender / J. Edwin Orr
260 _aWashington, USA : Christian Literature Crusade
300 _a128 Pag
650 1 4 _aVIDA CRISTIANA \ CONFESION \ EXAMEN DE CONCIENCIA
001 5006
942 _cBK
999 _c35510
_d35510